Linguistische Charakteristik der deutschen Sprache

Gespeichert in:
Bibliographische Detailangaben
1. Verfasser: Adamcová, Lívia
Weitere Verfasser: Adamcová, Silvia, 1984-, Lišková, Danuša, Széherová, Eva
Format: Buch
Sprache:Deutsch
Veröffentlicht: München LINCOM 2019
Ausgabe:1. Auflage
Schlagworte:
Tags: Tag hinzufügen
Keine Tags, Fügen Sie das erste Tag hinzu!

MARC

LEADER 00000nam a2200000 4500
001 0256000
005 20250217110248.0
020 |a 978 3 86288 968 6 
020 |a 978-3-86288-968-6 
041 0 |a ger 
044 |a DE 
245 1 0 |a Linguistische Charakteristik der deutschen Sprache  |c Lívia Adamcová, Silvia Adamcová ; Rezensenten: Danuša Lišková, Eva Széherová 
250 |a 1. Auflage 
264 1 |a München  |b LINCOM  |c 2019 
300 |a 230 s. [13,5 AH] 
610 2 0 |a jazyky cudzie 
610 2 0 |a nemčina 
610 2 0 |a jazykoveda 
610 2 0 |a terminológia 
100 1 |a Adamcová, Lívia 
700 1 |a Adamcová, Silvia, 1984- 
700 1 |a Lišková, Danuša 
700 1 |a Széherová, Eva